Tall story (Record no. 9160)
[ view plain ]
| 000 -LEADER | |
|---|---|
| fixed length control field | 00738nam a22002057a 4500 |
| 003 - CONTROL NUMBER IDENTIFIER | |
| control field | OSt |
| 005 - DATE AND TIME OF LATEST TRANSACTION | |
| control field | 20260316080608.0 |
| 008 - FIXED-LENGTH DATA ELEMENTS--GENERAL INFORMATION | |
| fixed length control field | 260316b |||||||| |||| 00| 0 eng d |
| 020 ## - INTERNATIONAL STANDARD BOOK NUMBER | |
| International Standard Book Number | 978-971-19-0300-8 |
| 040 ## - CATALOGING SOURCE | |
| Original cataloging agency | DWCL GS lib |
| Transcribing agency | OC |
| 100 ## - MAIN ENTRY--PERSONAL NAME | |
| Personal name | GOURLAY, CANDY |
| 245 ## - TITLE STATEMENT | |
| Title | Tall story |
| Statement of responsibility, etc. | GOURLAY, CANDY |
| 260 ## - PUBLICATION, DISTRIBUTION, ETC. | |
| Place of publication, distribution, etc. | Philippines |
| Name of publisher, distributor, etc. | Cacho Publishing House |
| Date of publication, distribution, etc. | 2010 |
| 300 ## - PHYSICAL DESCRIPTION | |
| Extent | vii, 233 pages. |
| Dimensions | 22cm. |
| 520 ## - SUMMARY, ETC. | |
| Summary, etc. | Andi, a basketball-obsessed girl in London, and her long-lost half-brother, Bernardo, an 8-foot-tall teenager with gigantism from the Philippines. |
| 546 ## - LANGUAGE NOTE | |
| Language note | English |
| 650 ## - SUBJECT ADDED ENTRY--TOPICAL TERM | |
| Source of heading or term | humorous, exaggerated American frontier folk stories |
| 650 ## - SUBJECT ADDED ENTRY--TOPICAL TERM | |
| Source of heading or term | being true to oneself is enough. |
| 942 ## - ADDED ENTRY ELEMENTS (KOHA) | |
| Source of classification or shelving scheme | Dewey Decimal Classification |
| Koha item type | Fiction |
| Classification part | Fic. |
| Suppress in OPAC | No |
No items available.